Harry Potter Character Sorting Blitz Quiz Stats

 Plays Quiz Updated Jun 22, 2017

Support Sporcle.
Go Orange.
Score 0/36 Timer 01:30
4 Plays Today
% Correct
???
78.4%
???
68.3%
???
67.2%
???
67.1%
???
66.6%
???
66.5%
???
65.4%
???
64.4%
???
64.3%
???
63.5%
???
63.2%
???
63%
???
62%
???
61.8%
???
58.2%
???
58%
???
56.6%
???
56.3%
% Correct
???
55.2%
???
54.3%
???
52.8%
???
52.7%
???
52.4%
???
51%
???
50.9%
???
49.7%
???
47.5%
???
45.8%
???
45.7%
???
45.3%
???
45.2%
???
43.6%
???
41.9%
???
41.4%
???
40.1%
???
37.8%

You're not logged in!

Compare scores with friends on all Sporcle quizzes.
OR
Log In
Forgot?

From the Vault

20 Country Snapshot V

by RobPro

Alright Earth, are you ready for your close-up?
Remove Ads.
Support Sporcle.
Get the best of Sporcle when you Go Orange. This ad-free experience offers more features, more stats, and more fun while also helping to support Sporcle. Thank you for becoming a member.

Show Comments

Extras

Top Quizzes Today


Score Distribution

Your Account Isn't Verified!

In order to create a playlist on Sporcle, you need to verify the email address you used during registration. Go to your Sporcle Settings to finish the process.

Report this User

Report this user for behavior that violates our Community Guidelines.

Details: